El Estatuto Jurd̕ico del cuidador informal de las personas en situacin̤ de dependencia

Bibliographic Details
Main Author: Gonzl̀ez Ortega, Santiago
Other Authors: Carrero Domn̕guez, Carmen
Format: eBook
Language:Spanish
Published: Madrid : Editorial Universitaria Ramn̤ Areces, 2009
Subjects:
Online Access:http://vlex.com/source/6936

MARC

LEADER 00000nam a22000007a 4500
005 20130115183305.0
007 cr|||| ||||
008 130115e2009 sp |||||s|||| 00||0 spa d
020 |a 978-84-8004-953-5 
035 |a 6936 
040 |a vLex 
090 |c 3525  |d 3525 
100 1 0 |a Gonzl̀ez Ortega, Santiago 
245 1 3 |a El Estatuto Jurd̕ico del cuidador informal de las personas en situacin̤ de dependencia  |h [Recurso electrn̤ico] 
256 |6 Servicio en ln̕ea 
260 |a Madrid :  |b Editorial Universitaria Ramn̤ Areces,   |c 2009  
300 |a 1 Recurso electrn̤ico 
650 0 4 |a Discapacitados 
650 0 4 |a Derecho laboral 
700 1 0 |a Carrero Domn̕guez, Carmen 
740 |a vLex Libros (Servicio en ln̕ea) 
856 |a Acceso restringido  |u http://vlex.com/source/6936 
942 |c BOOK 
999 0 |a People with disabilities 
999 0 |a Labor laws and legislation